| 000 | 01158nam a2200325 a 4500 | ||
|---|---|---|---|
| 001 | vtls000208040 | ||
| 003 | NLI | ||
| 005 | 20210602120141.0 | ||
| 008 | 101126s1982 ru 000 0 eng | ||
| 039 | 9 |
_y201011260028 _zVLOAD |
|
| 040 | 0 |
_aNLI _beng _cDatasoft 1 _eAACR2 |
|
| 041 | 1 |
_aeng _hrus |
|
| 044 | _aru | ||
| 082 | 0 | 4 | _a338.9 |
| 100 | 1 |
_aCherevik, E. _9395388 |
|
| 245 | 1 | 3 |
_aAn ABC of planning : _bfundamentals of the theory and methodology of economic planning / _cE. Cherevik, Y. Shvyrkov ; translated from the Russian by Peter Greenwood |
| 260 |
_aMoscow : _bProgress Pub., _cc1982 |
||
| 300 |
_a246 p. ; _c21 cm. |
||
| 651 | 0 |
_aEurope, Eastern _xEconomic policy _9217692 |
|
| 651 | 0 |
_aCommunist countries _xEconomic policy _9213632 |
|
| 700 | 1 |
_aShvyrkov, Y, _4jt. aut _9395389 |
|
| 700 | 1 |
_aGreenwood, Peter, _4trl _9395390 |
|
| 887 | _a | ||
| 901 |
_aEX4180 _b08.01.1987 |
||
| 902 | _aE 338.9 C 422 | ||
| 949 |
_AVIRTUAITEM _D10000 _X100 _6EXX000004180ENG |
||
| 942 |
_2ddc _cBKS |
||
| 991 | _esonali 17.03.2010 | ||
| 999 |
_aVIRTUA40 _c215212 _d215212 |
||
| 999 | _aVTLSSORT0080*0400*0410*0440*0820*1000*2450*2600*3000*6510*6511*7000*7001*9010*9020*9490*9910*9991 | ||